000 00522nam a2200193 a 4500
001 17654
003 CO-ViMGA
008 141112s2004 ck r 000 u spa d
020 _a9583007390
040 _aCO-ViMGA
_bspa
_cCO-ViMGA
082 0 4 _a808.83 T151cv
100 1 _aTamayo, Guido
_925049
245 1 0 _aCuentos de viaje
260 _aBogotá,
_cPanAméricana,
_c2000
300 _a200.p.
590 _aForma de adquisición : Premio - Mincultura
650 1 4 _aVIAJES - CUENTOS - COLECCIONES
_925050
942 _2ddc
_cBK
999 _c3065
_d3065